Ulubione potrawy Belmondo - Statystyki

Ogólne statystyki
  • Ten quiz został rozwiązany 102 razy
  • Średni wynik to 5 z 47
Statystyki odpowiedzi
Odpowiedzi: % Poprawnych
Trochę pizzy
50%
Sos
27%
Eskalopki
21%
Aglio e olio
20%
Guacamole
19%
Pappardele all'a arrabiata
17%
Gniocchi
15%
Kentucky Fried Chicken
15%
Paella
13%
Tagliata
13%
Kasza manna
12%
Grzyby
10%
Lody
10%
Makaroni
10%
Pepperoni
10%
Sałatka
10%
Creme brulee
8%
Kimchi
8%
Kotlety
8%
Schaby
8%
Szama z Benihany
8%
Zapiekanka
8%
Chorizo
7%
Chuppa Chups
7%
Harnaś
7%
Sushi Sakana
7%
Gin i Tonic
6%
Giuseppe
6%
Habanero
6%
Kartofel
6%
Kasztany
6%
Moet
6%
Serek
6%
Whiskey i ananas
6%
Absynt
5%
Ayran
5%
Brzoskwinki
5%
Bubblegum
5%
Chili pepper
5%
Dynie
5%
Kisiel
5%
Pieczywo Wasa
5%
Sezam
5%
Kellog's
4%
Prosecco
4%
Caffe latte
2%
Czereśnia
2%
Nie znaleziono quizów pasujących do podanych kryteriów
Rozkład punktacji
Procent ludzi z każdym wynikiem
Percentyl według liczby udzielonych odpowiedzi
Twoja historia wyników
Nie rozwiązałeś tego quizu